[Event "BRA-ch 88th"]
[Site "Recife"]
[Date "2022.12.19"]
[Round "6"]
[White "De Souza, Joao Victor Soares"]
[Black "Dos Santos, Fabio Alexandre"]
[Result "0-1"]
[WhiteElo "1800"]
[BlackElo "1829"]
[PlyCount "49"]
[EventDate "2022.12.15"]
[EventType "swiss"]
[EventRounds "11"]
[EventCountry "BRA"]
[SourceTitle "CBM 212 Extra"]
[Source "ChessBase"]
[SourceDate "2023.03.31"]
[SourceVersion "1"]
[SourceVersionDate "2023.03.31"]
[SourceQuality "1"]

1. e4 c5 2. Nf3 e6 3. d4 cxd4 4. Nxd4 a6 5. Be2 Qc7 6. Be3 Nf6 7. f3 d5 8. exd5 Nxd5 9. Bf2 Bd6 10. h4 Bg3 11. c4 Bxf2+ 12. Kxf2 Nf6 13. Nc3 Bd7 14. h5 h6 15. Nb3 b6 16. Qd4 Nc6 17. Qe3 Ne5 18. Rh4 Nc6 19. Nd5 Nxd5 20. cxd5 Ne7 21. dxe6 Bxe6 22. Rc1 Qb7 23. Qe5 0-0 24. Nd4 Qd5 25. Qf4 0-1

[Event "Barra de Sao Miguel op"]
[Site "Barra de Sao Miguel"]
[Date "2019.10.13"]
[Round "7"]
[White "Dos Santos, Weverton Natan Ferr"]
[Black "Dos Santos, Fabio Alexandre"]
[Result "1-0"]
[WhiteElo "1546"]
[BlackElo "1821"]
[PlyCount "27"]
[EventDate "2019.10.10"]
[EventType "swiss"]
[EventRounds "7"]
[EventCountry "BRA"]
[SourceTitle "CBM 192 Extra"]
[Source "Chessbase"]
[SourceDate "2019.11.06"]
[SourceVersion "1"]
[SourceVersionDate "2019.11.06"]
[SourceQuality "1"]

1. b3 d5 2. Bb2 c5 3. e3 Nf6 4. Nf3 e6 5. Ne5 Nbd7 6. Bb5 a6 7. Bxd7+ Bxd7 8. Nxd7 Qxd7 9. Bxf6 gxf6 10. d3 0-0-0 11. Nd2 Kb8 12. Qf3 f5 13. 0-0-0 Bg7 14. Qg3+ 1-0

[Event "Barra de Sao Miguel op"]
[Site "Barra de Sao Miguel"]
[Date "2019.10.12"]
[Round "5"]
[White "Dos Santos, Fabio Alexandre"]
[Black "Nascimento, Daniel Francisco Si"]
[Result "1-0"]
[WhiteElo "1821"]
[BlackElo "1741"]
[PlyCount "42"]
[EventDate "2019.10.10"]
[EventType "swiss"]
[EventRounds "7"]
[EventCountry "BRA"]
[SourceTitle "CBM 192 Extra"]
[Source "Chessbase"]
[SourceDate "2019.11.06"]
[SourceVersion "1"]
[SourceVersionDate "2019.11.06"]
[SourceQuality "1"]

1. c4 Nf6 2. Nc3 e5 3. g3 Be7 4. Bg2 0-0 5. e3 Nc6 6. Nge2 d6 7. d4 exd4 8. exd4 Re8 9. 0-0 Bf5 10. a3 a5 11. Nf4 Qd7 12. Nfd5 h6 13. b3 Rab8 14. Re1 Be6 15. Nxc7 Bg4 16. f3 Bxf3 17. Bxf3 Qxc7 18. Bf4 Bf8 19. Qd2 Nh7 20. h4 b6 21. Rxe8 Rxe8 1-0

[Event "Barra de Sao Miguel op"]
[Site "Barra de Sao Miguel"]
[Date "2019.10.12"]
[Round "4"]
[White "Melo, Igor De Souza"]
[Black "Dos Santos, Fabio Alexandre"]
[Result "1/2-1/2"]
[WhiteElo "1830"]
[BlackElo "1821"]
[PlyCount "56"]
[EventDate "2019.10.10"]
[EventType "swiss"]
[EventRounds "7"]
[EventCountry "BRA"]
[SourceTitle "CBM 192 Extra"]
[Source "Chessbase"]
[SourceDate "2019.11.06"]
[SourceVersion "1"]
[SourceVersionDate "2019.11.06"]
[SourceQuality "1"]

1. e4 c5 2. Nf3 d6 3. d4 cxd4 4. Nxd4 Nf6 5. Nc3 a6 6. f3 e6 7. Be3 Qc7 8. Qd2 Nbd7 9. 0-0-0 b5 10. Kb1 Bb7 11. Bd3 Ne5 12. g4 h6 13. h4 Nc4 14. Bxc4 bxc4 15. h5 d5 16. g5 hxg5 17. Bxg5 dxe4 18. Bxf6 gxf6 19. Nxe4 Bxe4 20. fxe4 Bh6 21. Qf2 Bg5 22. Nf3 Bf4 23. Qh4 Rh6 24. Rhg1 Ke7 25. e5 Bxe5 26. Nxe5 Qxe5 27. Qxc4 Rb8 28. b3 Rxh5 1/2-1/2

[Event "Barra de Sao Miguel op"]
[Site "Barra de Sao Miguel"]
[Date "2019.10.10"]
[Round "1"]
[White "Dos Santos, Fabio Alexandre"]
[Black "Dos Santos, Hevylla Crislanne G"]
[Result "1-0"]
[WhiteElo "1821"]
[BlackElo "1798"]
[PlyCount "43"]
[EventDate "2019.10.10"]
[EventType "swiss"]
[EventRounds "7"]
[EventCountry "BRA"]
[SourceTitle "CBM 192 Extra"]
[Source "Chessbase"]
[SourceDate "2019.11.06"]
[SourceVersion "1"]
[SourceVersionDate "2019.11.06"]
[SourceQuality "1"]

1. d4 d5 2. c4 Nf6 3. Nf3 Nc6 4. Nbd2 e6 5. a3 b6 6. g3 Bb7 7. Bg2 Bd6 8. 0-0 e5 9. dxe5 Nxe5 10. Nxe5 Bxe5 11. Nf3 Bd6 12. cxd5 Nxd5 13. Qc2 Qd7 14. Rd1 0-0-0 15. Ng5 f5 16. Bxd5 Bxd5 17. Rxd5 Qc6 18. Qxc6 g6 19. Nf7 Rde8 20. Nxd6+ Kd8 21. Nxe8+ Kc8 22. Qa8# 1-0

[Event "American Continental 15th"]
[Site "Sao Paulo"]
[Date "2019.07.11"]
[Round "9"]
[White "Dos Santos, Fabio Alexandre"]
[Black "Souza Jr, Helemberg Cubica De"]
[Result "0-1"]
[WhiteElo "1821"]
[BlackElo "1714"]
[PlyCount "101"]
[EventDate "2019.07.05"]
[EventType "swiss"]
[EventRounds "11"]
[EventCountry "BRA"]
[SourceTitle "CBM 191 Extra"]
[Source "ChessBase"]
[SourceDate "2019.09.30"]
[SourceVersion "1"]
[SourceVersionDate "2019.09.30"]
[SourceQuality "1"]

1. d4 Nf6 2. Bf4 e6 3. Nf3 Be7 4. e3 Nc6 5. h3 d6 6. Nbd2 0-0 7. c3 Re8 8. Bb5 Bd7 9. 0-0 a6 10. Bd3 Bf8 11. Qc2 e5 12. Bg5 h6 13. Bh4 exd4 14. exd4 d5 15. Rfe1 Be6 16. Ne5 g5 17. Bg3 Nxe5 18. Bxe5 Bg7 19. Re3 Rc8 20. Rae1 c5 21. Bf5 cxd4 22. Bxd4 Qd7 23. Bxe6 Rxe6 24. Rxe6 fxe6 25. Bxf6 Bxf6 26. Qg6+ Qg7 27. Qxg7+ Kxg7 28. Rxe6 d4 29. c4 Kf7 30. Re4 d3 31. b3 Bc3 32. Nb1 Ba5 33. Kf1 Rd8 34. Re1 Bxe1 35. Kxe1 Kf6 36. Kd2 Ke5 37. Nc3 Kd4 38. Nd5 Rf8 39. f3 Re8 40. Nc3 h5 41. Ne4 g4 42. hxg4 hxg4 43. Nc3 gxf3 44. gxf3 Rf8 45. a4 Rxf3 46. Nd5 Rf2+ 47. Kc1 Ke4 48. Nc3+ Kf3 49. Nb1 Rf1+ 50. Kb2 Rxb1+ 51. Kxb1 0-1

[Event "American Continental 15th"]
[Site "Sao Paulo"]
[Date "2019.07.10"]
[Round "8"]
[White "Gazola, Vanessa Ramos"]
[Black "Dos Santos, Fabio Alexandre"]
[Result "1-0"]
[WhiteElo "1954"]
[BlackElo "1821"]
[PlyCount "49"]
[EventDate "2019.07.05"]
[EventType "swiss"]
[EventRounds "11"]
[EventCountry "BRA"]
[SourceTitle "CBM 191 Extra"]
[Source "ChessBase"]
[SourceDate "2019.09.30"]
[SourceVersion "1"]
[SourceVersionDate "2019.09.30"]
[SourceQuality "1"]

1. d4 d5 2. c4 c6 3. Nf3 Nf6 4. Qc2 e6 5. g3 Bb4+ 6. Bd2 Be7 7. Bg2 0-0 8. 0-0 Nbd7 9. b3 b6 10. Re1 Ba6 11. Ne5 Nxe5 12. dxe5 Nd7 13. f4 f6 14. exf6 Nxf6 15. Nc3 Rc8 16. Bh3 Qd6 17. e4 dxe4 18. Nxe4 Qd4+ 19. Kh1 c5 20. Bc3 Qd8 21. Rad1 Qc7 22. Bxe6+ Kh8 23. Ng5 Bb7+ 24. Bd5 Nxd5 25. Qxh7# 1-0

[Event "American Continental 15th"]
[Site "Sao Paulo"]
[Date "2019.07.09"]
[Round "7"]
[White "Dos Santos, Fabio Alexandre"]
[Black "Cella, Glaucio Dalla Cortt"]
[Result "0-1"]
[WhiteElo "1821"]
[BlackElo "1962"]
[PlyCount "49"]
[EventDate "2019.07.05"]
[EventType "swiss"]
[EventRounds "11"]
[EventCountry "BRA"]
[SourceTitle "CBM 191 Extra"]
[Source "ChessBase"]
[SourceDate "2019.09.30"]
[SourceVersion "1"]
[SourceVersionDate "2019.09.30"]
[SourceQuality "1"]

1. c4 Nf6 2. Nc3 c6 3. d4 d5 4. Nf3 Bg4 5. Ne5 Bf5 6. Qb3 Qb6 7. c5 Qxb3 8. axb3 Na6 9. Nxc6 Nxc5 10. Na5 Na6 11. Nxb7 Rb8 12. Rxa6 Rxb7 13. e3 e6 14. Bb5+ Kd8 15. Bc6 Rb6 16. Rxb6 axb6 17. 0-0 Kc7 18. Bb5 Be7 19. f3 Kb7 20. Bd2 Bc2 21. Ba4 Bb4 22. Rf2 Bd6 23. Bb5 Bc7 24. Ba4 Bd3 25. Nb5 0-1

[Event "American Continental 15th"]
[Site "Sao Paulo"]
[Date "2019.07.09"]
[Round "6"]
[White "Santos Filho, Tadeu Souza"]
[Black "Dos Santos, Fabio Alexandre"]
[Result "1/2-1/2"]
[WhiteElo "2057"]
[BlackElo "1821"]
[PlyCount "93"]
[EventDate "2019.07.05"]
[EventType "swiss"]
[EventRounds "11"]
[EventCountry "BRA"]
[SourceTitle "CBM 191 Extra"]
[Source "ChessBase"]
[SourceDate "2019.09.30"]
[SourceVersion "1"]
[SourceVersionDate "2019.09.30"]
[SourceQuality "1"]

1. e4 e6 2. d3 d5 3. Nd2 c5 4. Ngf3 Nc6 5. g3 Nf6 6. Bg2 Be7 7. 0-0 0-0 8. Re1 b6 9. e5 Nd7 10. Nf1 Qc7 11. Qe2 Ba6 12. h4 Rae8 13. Bf4 Qd8 14. N1h2 f6 15. Ng4 Ndxe5 16. Ngxe5 Nxe5 17. Nxe5 fxe5 18. Bxe5 Bf6 19. Bh3 Qe7 20. f4 d4 21. b3 Bb7 22. Qh5 Bd5 23. Re2 g6 24. Qg4 Qb7 25. Rf2 Bxe5 26. fxe5 Rxf2 27. Kxf2 Rf8+ 28. Kg1 Rf5 29. Qe2 Rf7 30. Rf1 Rxf1+ 31. Qxf1 Qf7 32. Qxf7+ Kxf7 33. Bg4 h6 34. Kf2 g5 35. Bh5+ Kg7 36. Ke2 gxh4 37. gxh4 a6 38. Kd2 b5 39. c4 Bc6 40. a3 bxc4 41. dxc4 a5 42. Kd3 Bg2 43. Bg4 Bf1+ 44. Kd2 Kf7 45. h5 Ke7 46. Ke1 Bd3 47. Kd2 1/2-1/2

[Event "Maceio Alagoano op"]
[Site "Maceio"]
[Date "2015.12.06"]
[Round "3"]
[White "Azevedo de Carvalho, Antonio"]
[Black "Dos Santos, Fabio Alexandre"]
[Result "1-0"]
[WhiteElo "2002"]
[BlackElo "1918"]
[PlyCount "48"]
[EventDate "2015.12.05"]
[EventType "swiss"]
[EventRounds "7"]
[EventCountry "BRA"]
[SourceTitle "CBM 170 Extra"]
[Source "ChessBase"]
[SourceDate "2016.02.25"]
[SourceVersion "1"]
[SourceVersionDate "2016.02.25"]
[SourceQuality "1"]

1. e4 e6 2. d4 d5 3. Nd2 dxe4 4. Nxe4 b6 5. Nf3 Bb7 6. Bd3 Be7 7. Be3 Nf6 8. Nxf6+ Bxf6 9. c3 Nd7 10. Qc2 Qe7 11. 0-0-0 g6 12. Rhe1 0-0 13. Kb1 c5 14. Be4 Bxe4 15. Qxe4 cxd4 16. Bxd4 Nc5 17. Qg4 Rfd8 18. h4 h5 19. Qh3 Bxd4 20. Nxd4 Qf6 21. g4 Rd5 22. gxh5 Rxh5 23. Qg2 Rd8 24. Nc6 Re5 1-0

[Event "Maceio Alagoano op"]
[Site "Maceio"]
[Date "2015.12.06"]
[Round "4"]
[White "Dos Santos, Fabio Alexandre"]
[Black "Barros, Davi Matheus Costa"]
[Result "0-1"]
[WhiteElo "1918"]
[BlackElo "1817"]
[PlyCount "96"]
[EventDate "2015.12.05"]
[EventType "swiss"]
[EventRounds "7"]
[EventCountry "BRA"]
[SourceTitle "CBM 170 Extra"]
[Source "ChessBase"]
[SourceDate "2016.02.25"]
[SourceVersion "1"]
[SourceVersionDate "2016.02.25"]
[SourceQuality "1"]

1. d4 Nf6 2. Nf3 e6 3. Bf4 c5 4. c3 d5 5. e3 Nc6 6. Bd3 cxd4 7. exd4 Bd6 8. Ne5 Qc7 9. Qe2 Nd7 10. Bb5 a6 11. Bxc6 bxc6 12. Bg3 0-0 13. 0-0 Re8 14. Nd2 f6 15. Nxd7 Bxd7 16. Bxd6 Qxd6 17. f4 e5 18. fxe5 fxe5 19. dxe5 Qxe5 20. Qxe5 Rxe5 21. Rae1 Rae8 22. Nf3 Re2 23. Rxe2 Rxe2 24. Rf2 Re3 25. Rd2 Re6 26. Nd4 Rd6 27. Nb3 Bf5 28. Nc5 Bc8 29. Kf2 Kf7 30. Ke3 Rd8 31. Rd4 Re8+ 32. Kf2 Re7 33. Ra4 Ra7 34. Ke3 Ke7 35. Rb4 Kd6 36. Nd3 Re7+ 37. Kf2 c5 38. Rf4 Bd7 39. b3 Bb5 40. Nc1 Ke5 41. Rf3 d4 42. c4 Bc6 43. Nd3+ Kd6 44. Rg3 Be4 45. Nc1 a5 46. h3 h6 47. Nd3 Bxd3 48. Rxd3 Ke5 0-1

[Event "Maceio Alagoano-ch 40th"]
[Site "Maceio"]
[Date "2014.08.23"]
[Round "2"]
[White "Dos Santos, Fabio Alexandre"]
[Black "De Souza, Gilberto Ferreira"]
[Result "1/2-1/2"]
[WhiteElo "1871"]
[BlackElo "2089"]
[PlyCount "74"]
[EventDate "2014.08.23"]
[EventType "swiss"]
[EventRounds "6"]
[EventCountry "BRA"]
[SourceTitle "EXT 2016"]
[Source "ChessBase"]
[SourceDate "2015.10.08"]
[SourceVersion "1"]
[SourceVersionDate "2015.10.08"]
[SourceQuality "1"]

1. d4 d5 2. c4 c5 3. cxd5 Qxd5 4. dxc5 Qxd1+ 5. Kxd1 e6 6. Nc3 Bxc5 7. e3 a6 8. Nf3 Nc6 9. Ne4 Be7 10. Bd2 Nf6 11. Bd3 0-0 12. Bc3 Nd5 13. Bd2 Rd8 14. Ke2 b5 15. a3 Bb7 16. Rhc1 Rac8 17. b4 Nb6 18. Nc5 Bxc5 19. Rxc5 Nd7 20. Rc3 Nde5 21. Rac1 Nxf3 22. gxf3 Ne5 23. e4 f6 24. Bf4 Nc6 25. Be3 Ne5 26. Bf4 Nc6 27. Be3 e5 28. Bb1 Re8 29. Ba2+ Kh8 30. Rc5 Nb8 31. Bf7 Rxc5 32. Bxc5 Rc8 33. Rd1 Bc6 34. Be6 Re8 35. Bf7 Rc8 36. Be6 Re8 37. Bf7 Rc8 1/2-1/2

[Event "Maceio II IRT de Alagoas"]
[Site "Maceio"]
[Date "2010.10.30"]
[Round "8"]
[White "De Magalhaes, Jonathas Jose"]
[Black "Dos Santos, Fabio Alexandre"]
[Result "1-0"]
[WhiteElo "2036"]
[BlackElo "1850"]
[PlyCount "39"]
[EventDate "2010.10.22"]
[EventType "tourn"]
[EventRounds "11"]
[EventCountry "BRA"]
[SourceTitle "EXT 2022"]
[Source "ChessBase"]
[SourceDate "2021.10.06"]
[SourceVersion "1"]
[SourceVersionDate "2021.10.06"]
[SourceQuality "1"]

1. e4 c5 2. Nf3 Nc6 3. d4 cxd4 4. Nxd4 e5 5. Nb5 d6 6. N1c3 a6 7. Na3 Nf6 8. Bg5 b5 9. Bxf6 gxf6 10. Nd5 f5 11. Bxb5 Qa5+ 12. b4 Qxa3 13. Bxc6+ Kd8 14. Bxa8 Qa4 15. Qh5 Be6 16. Qg5+ Ke8 17. 0-0 h6 18. Qe3 fxe4 19. Qb6 Be7 20. Bc6+ 1-0

[Event "Maceio"]
[Site "Maceio"]
[Date "2010.03.19"]
[Round "6"]
[White "Zaidan Lima, Allan Gadelha"]
[Black "Dos Santos, Fabio Alexandre"]
[Result "1-0"]
[WhiteElo "2035"]
[BlackElo "2127"]
[PlyCount "55"]
[EventDate "2010.03.12"]
[EventType "tourn"]
[EventRounds "11"]
[EventCountry "BRA"]
[SourceTitle "EXT 2011"]
[Source "ChessBase"]
[SourceDate "2010.11.26"]
[SourceVersion "1"]
[SourceVersionDate "2010.11.26"]
[SourceQuality "1"]

1. e4 c5 2. Nf3 d6 3. d4 cxd4 4. Nxd4 Nf6 5. Nc3 a6 6. Bg5 e6 7. f3 Qb6 8. Qd2 Nc6 9. Nb3 Qc7 10. 0-0-0 Be7 11. g4 b5 12. Kb1 Bb7 13. h4 Ne5 14. Bxf6 gxf6 15. Nd4 Rc8 16. Bd3 Nc4 17. Bxc4 Qxc4 18. Nce2 b4 19. Rc1 a5 20. b3 Qa6 21. Rhe1 d5 22. exd5 Bxd5 23. Nf4 Bb7 24. Nfxe6 fxe6 25. Rxe6 Qa8 26. Rxe7+ Kxe7 27. Nf5+ Kf8 28. Qd6+ 1-0

[Event "Maceio"]
[Site "Maceio"]
[Date "2010.03.14"]
[Round "4"]
[White "Carvalho, Felipe Lobo C"]
[Black "Dos Santos, Fabio Alexandre"]
[Result "1-0"]
[WhiteElo "2145"]
[BlackElo "2127"]
[PlyCount "81"]
[EventDate "2010.03.12"]
[EventType "tourn"]
[EventRounds "11"]
[EventCountry "BRA"]
[SourceTitle "EXT 2011"]
[Source "ChessBase"]
[SourceDate "2010.11.26"]
[SourceVersion "1"]
[SourceVersionDate "2010.11.26"]
[SourceQuality "1"]

1. e4 d6 2. d4 Nf6 3. Nc3 g6 4. Be3 Bg7 5. f3 Nbd7 6. Qd2 c5 7. Nge2 cxd4 8. Nxd4 a6 9. Bc4 Ne5 10. Bb3 Qc7 11. 0-0-0 Nc4 12. Bxc4 Qxc4 13. g4 0-0 14. h4 b5 15. Kb1 Bb7 16. h5 b4 17. Nce2 e5 18. Nb3 d5 19. Na5 Qb5 20. Nxb7 d4 21. Bg5 Qxb7 22. Bh6 Rfd8 23. Bxg7 Kxg7 24. Qg5 Qe7 25. Ng3 Kf8 26. Qh6+ Ke8 27. g5 Ng8 28. Qxh7 Qxg5 29. Qxg8+ Ke7 30. Nf5+ Ke6 31. Qg7 Rg8 32. Qh6 Qxh6 33. Nxh6 Rg7 34. Rdg1 Rh7 35. hxg6 fxg6 36. Rxg6+ Kd7 37. Rhg1 Rah8 38. Rxa6 Kc7 39. Rgg6 Kb7 40. a3 bxa3 41. bxa3 1-0